Zmiešaná ekonomika a vzdelávanie verejnej správy

Konzervatívne chápanie úlohy štátu. Neprijateľná charakteristika verejného sektora, jeho pracovníkov: mať moc, mať charakter byrokracie a životné prostredie chápať len ako sociálnu istotu. Zmiešané štátne a súkromné podnikanie.

Saved in:
Bibliographic Details
Main Author: Zapletal, Vladimír
Format: Book Chapter
Language:Slovak
Subjects:
Tags: Add Tag
No Tags, Be the first to tag this record!

MARC

LEADER 00000naa$a2200000$$$4500
001 0086014
005 20221207083628.7
041 0 |a slo 
044 |a SK 
245 1 0 |a Zmiešaná ekonomika a vzdelávanie verejnej správy  |c Vladimír Zapletal 
520 |a Konzervatívne chápanie úlohy štátu. Neprijateľná charakteristika verejného sektora, jeho pracovníkov: mať moc, mať charakter byrokracie a životné prostredie chápať len ako sociálnu istotu. Zmiešané štátne a súkromné podnikanie. 
610 2 0 |a správa verejná 
610 2 0 |a vzdelávanie 
610 2 0 |a neoliberalizmus 
610 2 0 |a kapitál 
100 1 |a Zapletal, Vladimír